Firms must embrace social responsibility (Record no. 77809)

MARC details
000 -LEADER
fixed length control field 00994cab a2200193 4500
001 - CONTROL NUMBER
control field ##L135163
008 - FIXED-LENGTH DATA ELEMENTS--GENERAL INFORMATION
fixed length control field 061002n2006 000 0 eng u
035 ## - SYSTEM CONTROL NUMBER
System control number (Sirsi) u135163
041 0# - LANGUAGE CODE
Language code of text/sound track or separate title eng
100 1# - MAIN ENTRY--PERSONAL NAME
Personal name Hyde, Tony
245 00 - TITLE STATEMENT
Title Firms must embrace social responsibility
260 ## - PUBLICATION, DISTRIBUTION, ETC.
Date of publication, distribution, etc. 2006
490 #0 - SERIES STATEMENT
Series statement Construction News
Volume/sequential designation (6986) 28 September 2006, 13(1)
520 ## - SUMMARY, ETC.
Summary, etc. Emphasises the importance of contractors incorporating Corporate Social Responsibility (CSR) into every aspect of their work. Key benefits of CSR include gaining a competitive edge, enhancing brand image, increasing staff motivation, and making a contribution to the sustainable future of the company and the industry. Concludes that although CSR is still a voluntary process, this may change if the construction industry fails to embrace the concept.
590 ## - LOCAL NOTE (RLIN)
Local note IKA171006
651 #4 - SUBJECT ADDED ENTRY--GEOGRAPHIC NAME
Geographic name United Kingdom
Chronological subdivision
690 ## - LOCAL SUBJECT ADDED ENTRY--TOPICAL TERM (OCLC, RLIN)
Topical term or geographic name as entry element MANAGEMENT-BUSINESS MANAGEMENT-BUSINESS ETHICS-CORPORATE SOCIAL RESPONSIBILITY
942 ## - ADDED ENTRY ELEMENTS (KOHA)
Suppress in OPAC 0
Holdings
Withdrawn status Lost status Source of classification or shelving scheme Damaged status Not for loan Home library Current library Shelving location Date acquired Total Checkouts Full call number Barcode Date last seen Copy number Price effective from Koha item type
    Dewey Decimal Classification     London London Journal article 02/10/2006   L135163 135163-1001 06/08/2019 1 06/08/2019 Journal article